Handbook of basic transistor circuits and measurements (Record no. 23503)

000 -LEADER
fixed length control field 00677nam a22002417a 4500
001 - CONTROL NUMBER
control field 23503
003 - CONTROL NUMBER IDENTIFIER
control field BD-DhUET
008 - FIXED-LENGTH DATA ELEMENTS--GENERAL INFORMATION
fixed length control field 150504b xxu||||| |||| 00| 0 eng d
040 ## - CATALOGING SOURCE
Transcribing agency DLC
Modifying agency BD-DhUET
Original cataloging agency DLC
082 ## - DEWEY DECIMAL CLASSIFICATION NUMBER
Classification number 623.8151
Item number THO/1966
100 ## - MAIN ENTRY--PERSONAL NAME
Personal name Thorton, R. D.
245 ## - TITLE STATEMENT
Title Handbook of basic transistor circuits and measurements
250 ## - EDITION STATEMENT
Edition statement 1st ed.
260 ## - PUBLICATION, DISTRIBUTION, ETC. (IMPRINT)
Place of publication, distribution, etc. New York
Name of publisher, distributor, etc. McGraw-Hill
Date of publication, distribution, etc. 1966
300 ## - PHYSICAL DESCRIPTION
Extent xvi,156p.
Other physical details ill
490 ## - SERIES STATEMENT
Series statement Semiconductor Electronics Education Committee Books
500 ## - GENERAL NOTE
General note Volume - 7
650 #0 - SUBJECT ADDED ENTRY--TOPICAL TERM
Topical term or geographic name as entry element Circuits : Electronics : Engineering
700 ## - ADDED ENTRY--PERSONAL NAME
Personal name Linvill, J. L.
700 ## - ADDED ENTRY--PERSONAL NAME
Personal name Chenette, E. R.
700 ## - ADDED ENTRY--PERSONAL NAME
Personal name Ablin, H. L.
942 ## - ADDED ENTRY ELEMENTS (KOHA)
Koha item type General Book
Holdings
Shelving location Source of classification or shelving scheme Koha date last seen Location (home branch) Sublocation or collection (holding branch) Damaged status Koha normalized classification for sorting Price effective from Date acquired Copy number Piece designation (barcode) Lost status Koha full call number Not for loan Koha item type Withdrawn status
Circulation section 2015-05-04Central Library, BUETCentral Library, BUET 623_815100000000000_THO_19662015-05-042015-05-04112511 623.8151/THO/1966 General Book 
Circulation section 2015-05-04Central Library, BUETCentral Library, BUET 623_815100000000000_THO_19662015-05-042015-05-04227855 623.8151/THO/1966 General Book 
Circulation section 2015-05-04Central Library, BUETCentral Library, BUET 623_815100000000000_THO_19662015-05-042015-05-04335753 623.8151/THO/1966 General Book 
Circulation section 2015-05-04Central Library, BUETCentral Library, BUET 623_815100000000000_THO_19662015-05-042015-05-04435746 623.8151/THO/1966 General Book 
Circulation section 2015-05-04Central Library, BUETCentral Library, BUET 623_815100000000000_THO_19662015-05-042015-05-04535739 623.8151/THO/1966 General Book 
Reading section 2015-06-25Central Library, BUETCentral Library, BUET 623_815100000000000_THO_19662015-06-252015-06-25633545 623.8151/THO/1966 Reading Item